000 00338 a2200121 4500
000 nam a22 7a 4500
005 20260428101811.0
020 _a9781032743493
100 _aEmmie Malone
_91235804
245 _aAn Introduction to Contemporary Aesthetics : Art, Community, and Experience
260 _bRoutledge
_c2026
942 _cTEXL
999 _c1848587
_d1848587